000 00367nam a2200133Ia 4500
005 20260328104316.0
008 260328s9999||||xx |||||||||||||| ||und||
100 _aCox, Harvey
245 4 _aThe Secular City :
_b Secularization and Urbanization in Theological Perspective /
_cHarvey Cox
260 _bMacmillan
300 _a275 p.
650 _aTEORÍA
942 _cBK
999 _c11142
_d11142